00370nam a2200145Ia 4500008004100000020001500041041000800056082001500064100002100079245003600100250000600136260004300142300001100185650002800196210716s2007 xx 000 0 und d a0538879025 aeng a658.4 DAFR aDaft, Richard L. aOrganization theory and design. a9 aAustraliabThomson south westernc2007 axx,620 aOrganisational Behavior